Welcome to WEB OPAC of MRSPTU Central Library

Introduction to Hydraulics and Pneumatics (Record no. 6661)

MARC details
000 -LEADER
fixed length control field 00449nam a2200169Ia 4500
008 - FIXED-LENGTH DATA ELEMENTS--GENERAL INFORMATION
fixed length control field 230711s9999||||xx |||||||||||||| ||und||
020 ## - INTERNATIONAL STANDARD BOOK NUMBER
International Standard Book Number 978-81-203-5321-3
041 ## - LANGUAGE CODE
Language code of text/sound track or separate title ENG
082 ## - DEWEY DECIMAL CLASSIFICATION NUMBER
Classification number 620.10605
Item number SI-I
100 ## - MAIN ENTRY--PERSONAL NAME
Personal name Sivaraman,Ilango
245 #0 - TITLE STATEMENT
Title Introduction to Hydraulics and Pneumatics
250 ## - EDITION STATEMENT
Edition statement 3rd Ed.
260 ## - PUBLICATION, DISTRIBUTION, ETC.
Date of publication, distribution, etc. 2017
Place of publication, distribution, etc. New Delhi
Name of publisher, distributor, etc. PHI Learning Private Limited
300 ## - PHYSICAL DESCRIPTION
Extent 302p.
650 ## - SUBJECT ADDED ENTRY--TOPICAL TERM
Topical term or geographic name entry element Mechanical Engineering
942 ## - ADDED ENTRY ELEMENTS (KOHA)
Koha item type Book
Holdings
Withdrawn status Lost status Damaged status Not for loan Collection Home library Current library Date acquired Source of acquisition Cost, normal purchase price Inventory number Total checkouts Full call number Barcode Date last seen Price effective from Koha item type
          MRSPTU Central Library MRSPTU Central Library 08/09/2043 Krishna Book Distributors 350.00 KBD/2017-2018/1019343059   620.10605 SI-I 39589 08/17/2023 08/17/2023 Book
          MRSPTU Central Library MRSPTU Central Library 08/09/2043 Krishna Book Distributors 350.00 KBD/2017-2018/1019343059   620.10605 SI-I 39590 08/17/2023 08/17/2023 Book
          MRSPTU Central Library MRSPTU Central Library 08/09/2043 Krishna Book Distributors 350.00 KBD/2017-2018/1019343059   620.10605 SI-I 39591 08/17/2023 08/17/2023 Book
          MRSPTU Central Library MRSPTU Central Library 08/09/2043 Krishna Book Distributors 350.00 KBD/2017-2018/1019343059   620.10605 SI-I 39592 08/17/2023 08/17/2023 Book
          MRSPTU Central Library MRSPTU Central Library 08/09/2043 Krishna Book Distributors 350.00 KBD/2017-2018/1019343059   620.10605 SI-I 39593 08/17/2023 08/17/2023 Book
          MRSPTU Central Library MRSPTU Central Library 08/09/2043 Krishna Book Distributors 350.00 KBD/2017-2018/1019343059   620.10605 SI-I 39594 08/17/2023 08/17/2023 Book

Website Designed and Developed by MRSPTU Central Library Team

E-mail Id: librarian@mrsptu.ac.in